<?xml version="1.0" encoding="UTF-8"?>
<collection xmlns="http://www.loc.gov/MARC21/slim">
 <record>
  <leader>01186nam a22001937a 4500</leader>
  <controlfield tag="001">NCT_72703</controlfield>
  <controlfield tag="008">191102b        xxu||||| |||| 00| 0 vie d</controlfield>
  <datafield tag="999" ind1=" " ind2=" ">
   <subfield code="c">3541</subfield>
   <subfield code="d">3541</subfield>
  </datafield>
  <datafield tag="020" ind1=" " ind2=" ">
   <subfield code="a">9876046472346</subfield>
   <subfield code="c">300000</subfield>
  </datafield>
  <datafield tag="082" ind1="0" ind2="4">
   <subfield code="2">23rd ed.</subfield>
   <subfield code="a">320.12</subfield>
   <subfield code="b">D513</subfield>
  </datafield>
  <datafield tag="100" ind1="1" ind2=" ">
   <subfield code="a">Trần Quốc Dũng</subfield>
  </datafield>
  <datafield tag="245" ind1="1" ind2="0">
   <subfield code="a">Hiên ngang Trường Sa</subfield>
   <subfield code="c">Trần Quốc Dũng</subfield>
  </datafield>
  <datafield tag="260" ind1=" " ind2=" ">
   <subfield code="a">H.</subfield>
   <subfield code="b">Thanh niên</subfield>
   <subfield code="c">2017</subfield>
  </datafield>
  <datafield tag="300" ind1=" " ind2=" ">
   <subfield code="a">197 tr.</subfield>
   <subfield code="b">minh họa màu</subfield>
   <subfield code="c">25cm</subfield>
  </datafield>
  <datafield tag="520" ind1="3" ind2=" ">
   <subfield code="a">Với góc nhìn trung thực, lạc quan về con người và cuộc sống, ghi nhận hình ảnh có địa chỉ và thời gian, sách ảnh &quot;Hiên Ngang Trường Sa&quot; của tác giả ngoài tính thời sự, nghệ thuật còn mang tính tư liệu cao góp phần nâng cao hiểu biết về Trường Sa, phục vụ cho công tác tuyên truyền giáo dục về chủ quyền biển đảo.</subfield>
  </datafield>
  <datafield tag="653" ind1=" " ind2=" ">
   <subfield code="a">Sách tham khảo</subfield>
  </datafield>
  <datafield tag="942" ind1=" " ind2=" ">
   <subfield code="2">ddc</subfield>
   <subfield code="c">BK</subfield>
  </datafield>
  <datafield tag="952" ind1=" " ind2=" ">
   <subfield code="0">0</subfield>
   <subfield code="1">0</subfield>
   <subfield code="2">ddc</subfield>
   <subfield code="4">0</subfield>
   <subfield code="6">320_120000000000000_D513</subfield>
   <subfield code="7">0</subfield>
   <subfield code="9">18331</subfield>
   <subfield code="a">000001</subfield>
   <subfield code="b">000001</subfield>
   <subfield code="d">2019-11-02</subfield>
   <subfield code="o">320.12 D513</subfield>
   <subfield code="p">TK.01924</subfield>
   <subfield code="r">2019-11-02</subfield>
   <subfield code="v">300000.00</subfield>
   <subfield code="w">2019-11-02</subfield>
   <subfield code="y">BK</subfield>
  </datafield>
  <datafield tag="980" ind1=" " ind2=" ">
   <subfield code="a">Thư viện Trường Đại học Nam Cần Thơ</subfield>
  </datafield>
 </record>
</collection>
